LEADER 01164nam a2200253 i 4500 001 000000070948 003 CaOOAMICUS 005 20081010000000.0 008 081010s1966 it u000 u ita u 013 $a42120 040 $aSeMil$bita 100 1 $aLeclercq, Jacques,$d<1891-1971>.$0(OLS)http://semarc/name/666 240 13$aLa liberté d'opinion et les catholiques.$0(OLS)http://semarc/title/114023 245 12$aI cattolici e la libertà di opinione /$cJacques Leclercq ; [trad. di Adriana Zarri]. 260 $aTorino :$bSocietà Editrice Internazionale,$cstampa 1966. 300 $a252 p. ;$c22 cm. 490 0 $aSaggi : collana di cultura viva ;$v4 650 4$aCattolici e libertà di pensiero.$0(OLS)http://semarc/subject/14169 700 1 $aZarri, Adriana <1919-2010>.$0(OLS)http://semarc/name/4967 830 0$aSaggi ;$v4.$0(OLS)http://semarc/title/341 850 $aSeMil 852 $aSeMil$W1$xVenegono$y1$m2P VII 545$j256630$B37101$CSeMilBibl$Z2$F37104 $81 996 $6245$aI cattolici e la libertà di opinione$9(OLS)http://semarc/title/114022 996 $6260$aTorino :$bSocietà Editrice Internazionale$9(OLS)http://semarc/publisher/29847 LEADER 00765naa a2200157 i 4500 001 000000299122 003 CaOOAMICUS 005 20180831172637.0 008 180831n xx u000 u und u 013 $a6761 040 $aSeMil$bita 100 1 $aTettamanzi, Dionigi,$c.$0(OLS)http://semarc/name/89456 245 12$aL'omosessualità nel contesto dell'antropologia cristiana. 650 4$aOmosessualità.$0(OLS)http://semarc/subject/8978 773 0 $aTettamanzi, Dionigi $tAntropologia cristiana e omosessualità.$dCittà del Vaticano : [s.n.], 1997.$kQuaderni de L'Osservatore Romano$z88-868-1105-5$w()70035 996 $6245$aL'omosessualità nel contesto dell'antropologia cristiana$9(OLS)http://semarc/title/375144